Long leaseholders to benefit (Record no. 118384)

MARC details
000 -LEADER
fixed length control field 01210cam a2200217 4500
001 - CONTROL NUMBER
control field WB@3612-562
008 - FIXED-LENGTH DATA ELEMENTS--GENERAL INFORMATION
fixed length control field 041125n2004 000 0 eng u
035 ## - SYSTEM CONTROL NUMBER
System control number (Sirsi) u128160
245 ## - TITLE STATEMENT
Title Long leaseholders to benefit
260 ## - PUBLICATION, DISTRIBUTION, ETC.
Date of publication, distribution, etc. 2004
490 ## - SERIES STATEMENT
Series statement ODPM News Release
Volume/sequential designation (2004/0239) 25 November 2004 (4)
520 ## - SUMMARY, ETC.
Summary, etc. From February 2005 long leaseholders in England will have improved protection and rights within the implementation of the next phase of provisions in the Commonhold and Leasehold Reform Act 2002. Amongst other provisions, leaseholders will benefit from further protection against the threat of forfeiture, will have to receive a written demand from their landlord for the payment of ground rent before it becomes payable and will be able to choose their own buildings insurance for the property. Full details on the Act, the Orders and the Regulations are available from: http://www.hmso.gov.uk. http://www.odpm.gov.uk/pns/displaypn.cgi?pn_id=200 4_0289
590 ## - LOCAL NOTE (RLIN)
Local note WB
590 ## - LOCAL NOTE (RLIN)
Local note WB
650 ## - SUBJECT ADDED ENTRY--TOPICAL TERM
Topical term or geographic name entry element COMMONHOLD AND LEASEHOLD REFORM ACT 2002
650 ## - SUBJECT ADDED ENTRY--TOPICAL TERM
Topical term or geographic name entry element LONG LEASEHOLDS
650 ## - SUBJECT ADDED ENTRY--TOPICAL TERM
Topical term or geographic name entry element TENANTS
650 ## - SUBJECT ADDED ENTRY--TOPICAL TERM
Topical term or geographic name entry element GROUND RENTS
690 ## - LOCAL SUBJECT ADDED ENTRY--TOPICAL TERM (OCLC, RLIN)
Topical term or geographic name as entry element LANDLORD AND TENANT
9 (RLIN) 6252
942 ## - ADDED ENTRY ELEMENTS (KOHA)
Suppress in OPAC 0
Holdings
Withdrawn status Lost status Source of classification or shelving scheme Damaged status Not for loan Home library Current library Shelving location Date acquired Total Checkouts Full call number Barcode Date last seen Copy number Price effective from Koha item type
    Dewey Decimal Classification     London London News article 25/11/2004   WB4045-14 128160-1001 06/08/2019 1 06/08/2019 News article